000
00197nam a2200109Ia 4500
100
_a
#N/A
942
_c
BK
654
_a
nokia
245
_a
Nokia PC Suite 6.5
260
_b
#N/A
546
_a
ENGLISH
999
_c
22333
_d
22333